[Event "Europe Echecs online op April"]
[Site "Europe Echecs INT"]
[Date "2020.04.11"]
[Round "8"]
[White "Timotic, Nicolas"]
[Black "Harrouin, Philippe"]
[Result "1-0"]
[WhiteElo "2001"]
[BlackElo "1900"]
[PlyCount "115"]
[EventDate "2020.04.11"]
[EventType "swiss (blitz)"]
[EventRounds "11"]
[EventCountry "FRA"]
[SourceTitle "EXT 2021"]
[Source "ChessBase"]
[SourceDate "2020.10.23"]
[SourceVersion "1"]
[SourceVersionDate "2020.10.23"]
[SourceQuality "1"]

1. e4 d5 2. exd5 Qxd5 3. Nf3 Nf6 4. c4 Qa5 5. Nc3 c5 6. d4 cxd4 7. Nxd4 Nc6 8. Nxc6 bxc6 9. Be2 Bf5 10. 0-0 Rd8 11. Qa4 Qxa4 12. Nxa4 e6 13. Be3 Be7 14. Rfd1 Rb8 15. b3 a5 16. f3 0-0 17. Bc5 Bxc5+ 18. Nxc5 Rfd8 19. Rxd8+ Rxd8 20. Rd1 Rxd1+ 21. Bxd1 e5 22. a3 e4 23. Nb7 Nd7 24. Nxa5 c5 25. b4 e3 26. Be2 Be6 27. b5 Nb6 28. f4 g6 29. g3 f5 30. Kg2 g5 31. Kf3 g4+ 32. Kxe3 Kf7 33. Kd2 Ke7 34. Kc3 Kd6 35. Nb7+ Kc7 36. Nxc5 Kd6 37. Nxe6 Kxe6 38. Kb4 h5 39. a4 h4 40. a5 Nd7 41. c5 hxg3 42. hxg3 Nf6 43. a6 Ne4 44. a7 Nxg3 45. Bc4+ Kf6 46. a8Q Ne4 47. Qc6+ Ke7 48. Qe6+ Kf8 49. Qxf5+ Ke7 50. Qxe4+ Kf6 51. Qe6+ Kg7 52. Qxg4+ Kh6 53. Qg5+ Kh7 54. b6 Kh8 55. b7 Kh7 56. c6 Kh8 57. b8Q+ Kh7 58. Qbg8# 1-0

[Event "Europe Echecs online op April"]
[Site "Europe Echecs INT"]
[Date "2020.04.11"]
[Round "5"]
[White "Zamfiresco, Olivier"]
[Black "Timotic, Nicolas"]
[Result "1-0"]
[WhiteElo "1808"]
[BlackElo "2001"]
[PlyCount "55"]
[EventDate "2020.04.11"]
[EventType "swiss (blitz)"]
[EventRounds "11"]
[EventCountry "FRA"]
[SourceTitle "EXT 2021"]
[Source "ChessBase"]
[SourceDate "2020.10.23"]
[SourceVersion "1"]
[SourceVersionDate "2020.10.23"]
[SourceQuality "1"]

1. d4 Nf6 2. Nc3 d5 3. Bf4 e6 4. f3 c5 5. e3 cxd4 6. exd4 a6 7. Qd2 Bb4 8. g4 Nbd7 9. h4 Nb6 10. h5 Bd7 11. g5 Ng8 12. a3 Bxc3 13. Qxc3 Rc8 14. Qd2 Bb5 15. Bxb5+ axb5 16. h6 gxh6 17. gxh6 Nc4 18. Qc1 Ne7 19. Bg5 Rg8 20. Nh3 Qc7 21. f4 Nf5 22. c3 Na5 23. Qc2 Qc4 24. Qe2 Qb3 25. Rh2 Ng3 26. Qe5 Rc7 27. Qxc7 Nc6 28. Qxb7 1-0

[Event "Lyon op"]
[Site "Lyon"]
[Date "2015.04.19"]
[Round "6"]
[White "Timotic, Nicolas"]
[Black "Dourerassou, Jonathan"]
[Result "0-1"]
[WhiteElo "2005"]
[BlackElo "2430"]
[PlyCount "124"]
[EventDate "2015.04.15"]
[EventType "swiss"]
[EventRounds "7"]
[EventCountry "FRA"]
[SourceTitle "EXT 2016"]
[Source "ChessBase"]
[SourceDate "2015.10.08"]
[SourceVersion "1"]
[SourceVersionDate "2015.10.08"]
[SourceQuality "1"]

1. d4 Nf6 2. c4 g6 3. Nc3 d5 4. cxd5 Nxd5 5. Nxd5 Qxd5 6. e3 Nc6 7. Ne2 e5 8. Nc3 Bb4 9. Bd2 Bxc3 10. bxc3 exd4 11. cxd4 0-0 12. Qf3 Qxf3 13. gxf3 Re8 14. 0-0-0 Be6 15. Kb2 Red8 16. Rc1 Rd6 17. h4 h5 18. Be2 Bd5 19. Bd1 f5 20. Rg1 Re8 21. Rg5 Kf8 22. Bc2 Bf7 23. Ba4 Rb8 24. Rc5 Ke7 25. Ka1 Kd8 26. Bc1 Ne7 27. Rg1 Ra6 28. Bc2 b6 29. Rc3 Rxa2+ 30. Kb1 b5 31. Rc5 b4 32. d5 b3 33. Bb2 Rxb2+ 34. Kxb2 bxc2+ 35. Kxc2 Rb4 36. Ra1 Nc8 37. f4 Kd7 38. Ra6 Rb6 39. Ra3 Rb7 40. f3 Kd6 41. Rca5 Kd7 42. e4 fxe4 43. fxe4 c6 44. dxc6+ Kxc6 45. f5 gxf5 46. Rxf5 Re7 47. Ra6+ Nb6 48. Rf6+ Kb5 49. Ra1 Be6 50. Rxa7 Rxa7 51. Rxe6 Rh7 52. Kd3 Kc5 53. Ke3 Nc4+ 54. Kf4 Rg7 55. Rh6 Rg4+ 56. Kf3 Ne5+ 57. Kf2 Rxh4 58. Kg3 Rg4+ 59. Kh3 Rg5 60. Rf6 Rg1 61. Kh2 Ng4+ 62. Kxg1 Nxf6 0-1

[Event "FRA-chT2C 0506"]
[Site "France"]
[Date "2006.04.02"]
[Round "11.4"]
[White "Sanchez, Nicolas"]
[Black "Timotic, Nicolas"]
[Result "0-1"]
[WhiteElo "2199"]
[BlackElo "2075"]
[PlyCount "28"]
[EventDate "2005.10.27"]
[EventType "team"]
[EventRounds "11"]
[EventCountry "FRA"]
[SourceTitle "EXT 2006"]
[Source "ChessBase"]
[SourceDate "2005.11.24"]
[SourceVersion "1"]
[SourceVersionDate "2005.11.24"]
[SourceQuality "1"]
[WhiteTeam "Toulouse"]
[WhiteTeamCountry "FRA"]

1. d4 Nf6 2. c4 e6 3. Nf3 Bb4+ 4. Nbd2 d5 5. a3 Be7 6. g3 0-0 7. Bg2 c5 8. cxd5 exd5 9. dxc5 Bxc5 10. b4 Bxf2+ 11. Kxf2 Ng4+ 12. Ke1 Qb6 13. e3 Nxe3 14. Qe2 Re8 0-1

[Event "Cappelle op 20th"]
[Site "Cappelle la Grande"]
[Date "2004.02.28"]
[Round "1"]
[White "Timotic, Nicolas"]
[Black "Midoux, Sebastien"]
[Result "0-1"]
[WhiteElo "2107"]
[BlackElo "2315"]
[PlyCount "110"]
[EventDate "2004.02.28"]
[EventType "swiss"]
[EventRounds "9"]
[EventCountry "FRA"]
[SourceTitle "CBM 099 Extra"]
[Source "ChessBase"]
[SourceDate "2004.05.04"]
[SourceVersion "1"]
[SourceVersionDate "2004.05.04"]
[SourceQuality "1"]

1. e4 e6 2. d4 d5 3. Nd2 dxe4 4. Nxe4 Bd7 5. Nf3 Bc6 6. Bd3 Nd7 7. 0-0 Be7 8. Qe2 Ngf6 9. b3 0-0 10. Bb2 Nd5 11. c4 Nf4 12. Qe3 Nxd3 13. Qxd3 Nf6 14. Nfg5 Nxe4 15. Nxe4 Re8 16. Rad1 Bf8 17. f4 Qh4 18. Ng3 Qg4 19. f5 exf5 20. Qxf5 Qxf5 21. Nxf5 Re2 22. Rf2 Rae8 23. Kf1 Rxf2+ 24. Kxf2 Be4 25. Re1 f6 26. Ng3 Bg6 27. Rxe8 Bxe8 28. Ke3 Kf7 29. d5 Bd6 30. Bd4 b6 31. a4 Bd7 32. a5 Bg4 33. axb6 axb6 34. Bc3 Bd1 35. b4 Bb3 36. Kd3 g6 37. Bd2 b5 38. cxb5 Bxd5 39. Ne4 Bxh2 40. Kd4 Bb7 41. Be3 Be5+ 42. Kd3 h5 43. b6 cxb6 44. Bxb6 h4 45. b5 g5 46. Bf2 Kg6 47. b6 f5 48. Nc5 Bxg2 49. b7 Bxb7 50. Nxb7 h3 51. Bg1 h2 52. Bxh2 Bxh2 53. Nc5 g4 54. Ke2 Bd6 55. Nd3 f4 0-1

[Event "Lyon LOE op"]
[Site "Lyon"]
[Date "2002.05.11"]
[Round "6"]
[White "Vernay, Clovis"]
[Black "Timotic, Nicolas"]
[Result "0-1"]
[WhiteElo "1840"]
[BlackElo "2147"]
[PlyCount "94"]
[EventDate "2002.05.??"]
[EventType "swiss"]
[EventRounds "9"]
[EventCountry "FRA"]
[SourceTitle "EXT 2004"]
[Source "ChessBase"]
[SourceDate "2003.11.25"]
[SourceVersion "1"]
[SourceVersionDate "2003.11.25"]
[SourceQuality "1"]

1. d4 Nf6 2. c4 e6 3. Nc3 Bb4 4. Qb3 Nc6 5. Nf3 Ne4 6. e3 0-0 7. Bd3 Nxc3 8. bxc3 Be7 9. Qc2 f5 10. e4 d6 11. d5 Ne5 12. Nxe5 dxe5 13. dxe6 f4 14. g3 Bxe6 15. gxf4 exf4 16. e5 h6 17. Rg1 Qd7 18. Bh7+ Kh8 19. Bd2 Bf5 20. Bxf5 Qxf5 21. 0-0-0 Qxe5 22. Rde1 Ba3+ 23. Kb1 Qf5 24. Re4 Rf6 25. Rge1 Rb6+ 26. Ka1 Bb2+ 27. Kb1 Bxc3+ 28. Kc1 Bxd2+ 29. Kxd2 Qa5+ 30. Ke2 Qa3 31. Kf1 Qh3+ 32. Ke2 Re6 33. Qd3 Qxd3+ 34. Kxd3 Rd8+ 35. Kc3 Ra6 36. R1e2 f3 37. Rc2 Rdd6 38. Rf4 Rg6 39. Rb2 b6 40. Kb3 Rg2 41. h4 Rh2 42. Rd2 Ra5 43. Rd7 Rxf2 44. Rff7 Rg2 45. Rxf3 Raxa2 46. Rxc7 a5 47. h5 a4+ 0-1

[Event "Lyon LOE op"]
[Site "Lyon"]
[Date "2002.05.10"]
[Round "5"]
[White "Testard, Philippe"]
[Black "Timotic, Nicolas"]
[Result "0-1"]
[WhiteElo "1860"]
[BlackElo "2147"]
[PlyCount "42"]
[EventDate "2002.05.??"]
[EventType "swiss"]
[EventRounds "9"]
[EventCountry "FRA"]
[SourceTitle "EXT 2004"]
[Source "ChessBase"]
[SourceDate "2003.11.25"]
[SourceVersion "1"]
[SourceVersionDate "2003.11.25"]
[SourceQuality "1"]

1. d4 Nf6 2. c4 e6 3. Nc3 Bb4 4. e3 Bxc3+ 5. bxc3 d6 6. Bd3 0-0 7. f3 c5 8. Ne2 Nc6 9. g4 e5 10. d5 e4 11. fxe4 Ne5 12. h3 Nf3+ 13. Kf2 Ng5 14. Ng3 Qe7 15. Qc2 Re8 16. Bd2 Ngxe4+ 17. Nxe4 Nxe4+ 18. Bxe4 Qxe4 19. Qb3 f5 20. gxf5 Bxf5 21. Qxb7 Rf8 0-1

[Event "Lyon LOE op"]
[Site "Lyon"]
[Date "2002.05.09"]
[Round "3"]
[White "Candy, Romain"]
[Black "Timotic, Nicolas"]
[Result "1-0"]
[WhiteElo "1740"]
[BlackElo "2147"]
[PlyCount "27"]
[EventDate "2002.05.??"]
[EventType "swiss"]
[EventRounds "9"]
[EventCountry "FRA"]
[SourceTitle "EXT 2004"]
[Source "ChessBase"]
[SourceDate "2003.11.25"]
[SourceVersion "1"]
[SourceVersionDate "2003.11.25"]
[SourceQuality "1"]

1. e4 e5 2. f4 exf4 3. Nf3 Be7 4. Bc4 Nf6 5. Nc3 Nxe4 6. Bxf7+ Kxf7 7. Ne5+ Kg8 8. Nxe4 Bh4+ 9. g3 fxg3 10. hxg3 Bxg3+ 11. Nxg3 Qg5 12. Qe2 Qxg3+ 13. Kd1 d6 14. Qc4+ 1-0